Essentials of Chemical Reaction Engineering: (Record no. 175548)

MARC details
000 -LEADER
fixed length control field 00665nam a22001817a 4500
005 - DATE AND TIME OF LATEST TRANSACTION
control field 20200908155247.0
010 ## - LCCN (DPL NO)
LC control number ENG-128395
020 ## - INTERNATIONAL STANDARD BOOK NUMBER
Terms of availability 899.00
International Standard Book Number 9789353948597
035 ## - SYSTEM CONTROL NUMBER
System control number EN-111927
037 ## - SOURCE OF ACQUISITION
Source of stock number/acquisition DBAD/PUB
082 ## - DEWEY DECIMAL CLASSIFICATION NUMBER
Classification number 660.28
100 ## - MAIN ENTRY--PERSONAL NAME
Personal name Fogler, H. Scott
245 ## - TITLE STATEMENT
Title Essentials of Chemical Reaction Engineering:
Statement of responsibility, etc by H. Scott Fogler
Remainder of title Second Edition/
260 ## - PUBLICATION, DISTRIBUTION, ETC. (IMPRINT)
Place of publication, distribution, etc Noida
Name of publisher, distributor, etc Pearson
Date of publication, distribution, etc 2020
270 ## - ADDRESS
Address 15th floor,Tower-B,Word Trade Tower,Plot no.1,Block-C sec 16,
City Noida
Postal code 201301
Telephone number 04466540100
Electronic mail address companysecretary.india@pearson.com
300 ## - PHYSICAL DESCRIPTION
Extent xxxi;775p.
Dimensions 25cm(pbk)
Other physical details graphs, illustrations diagrams
942 ## - ADDED ENTRY ELEMENTS (KOHA)
Source of classification or shelving scheme Dewey Decimal Classification
Item type English Books
Classification part 660.28
Call number suffix FOG
Holdings
Withdrawn status Lost status Not for loan Collection code Home library Current library Date acquired Source of acquisition Cost, normal purchase price Full call number Barcode Cost, replacement price Koha item type
      Non-fiction Andrews Gunj Andrews Gunj 08/09/2020 DBAD 899.00 660.28 FOG EN-111927 899.00 English Books

© Delhi Public Library
Hit Counter
free hit counter